Новое обобщение данных по теплоте сгорания высокочистого метана; Измерительная техника; № 3

Bibliografiske detaljer
Parent link:Измерительная техника=Measurement Techniques: научно-технический журнал/ Российская Федерация, Федеральное агентство по техническому регулированию и метрологии (Ростехрегулирование) (Госстандарт России).— , 1940-1941, 1955-.— 0368-1025
№ 3.— 2002.— С. 30-34
Hovedforfatter: Александров Ю. И.
Andre forfattere: Корчагина Е. Н., Чуновкина А. Г.
Sprog:russisk
Udgivet: 2002
Serier:теплофизические измерения
Fag:
Format: MixedMaterials Book Chapter
KOHA link:https://koha.lib.tpu.ru/cgi-bin/koha/opac-detail.pl?biblionumber=383557

MARC

LEADER 00000naa2a2200000 4500
001 383557
005 20231101063137.0
035 |a (RuTPU)RU\TPU\prd\9433 
090 |a 383557 
100 |a 20021224a2002 k y0rusy50 ca 
101 0 |a rus 
102 |a RU 
200 1 |a Новое обобщение данных по теплоте сгорания высокочистого метана  |f Ю. И. Александров, Е. Н. Корчагина, А. Г. Чуновкина 
225 1 |a теплофизические измерения 
320 |a Библиогр.: 18 назв. 
461 1 |0 (RuTPU)RU\TPU\prd\1509  |x 0368-1025  |t Измерительная техника  |l Measurement Techniques  |o научно-технический журнал  |f Российская Федерация, Федеральное агентство по техническому регулированию и метрологии (Ростехрегулирование) (Госстандарт России)  |d 1940-1941, 1955- 
463 1 |0 (RuTPU)RU\TPU\prd\3912  |t № 3  |v С. 30-34  |d 2002 
610 1 |a высокочистый метан 
610 1 |a теплота сгорания 
610 1 |a анализ 
610 1 |a результаты 
610 1 |a обобщение 
675 |a 536.66  |v 3 
700 1 |a Александров  |b Ю. И. 
701 1 |a Корчагина  |b Е. Н. 
701 1 |a Чуновкина  |b А. Г. 
801 1 |a RU  |b 63413507  |c 20021224  |g PSBO 
801 2 |a RU  |b 63413507  |c 20121214  |g RCR 
942 |c BK